• 首页
  • 本馆介绍
  • 公告通知
  • 最新文献
  • 馆藏检索
  • 电子资源
  • 读者导购
  • 参考咨询
  • 我的图书馆
  • 登录
  • 详细信息显示
  • 放入我的书架
  • 预约/预借图书
  • 作者相关作品
  • 分类相关作品
  • 丛书相关作品
  • 出版社相关作品

书目信息

  • 表格格式
  • 工作单格式
  • 卡片格式
题名:
PHP+MySQL网站开发项目式教程
    
 
作者: 黎明明 , 苗志锋 主编
分册:  
出版信息: 北京   中国水利水电出版社  2016.6
页数: 227页
开本: 26cm
丛书名:
单 册:
中图分类: TP312PH , TP311.132.3-43 , TP311.138SQ-43
科图分类:
主题词: PHP语言--程序设计--中等专业学校--教材 , 关系数据库--数据库管理系统,MySQL--中等专业学校--教材
电子资源:
ISBN: 978-7-5170-3963-1
000 01267nam0 2200313 450
001 0400002743
005 20171021135515.0
010    @a978-7-5170-3963-1@dCNY32.00
100    @a20170215e2016 em y0chiy50 ea
101 0  @achi
102    @aCN@b110000
105    @aa az 000yy
106    @ar
200 1  @aPHP+MySQL网站开发项目式教程@9PHP+MySQL wang zhan kai fa xiang mu shi jiao cheng@f黎明明,苗志锋主编
210    @a北京@c中国水利水电出版社@d2016.6
215    @a227页@c图@d26cm
300    @a中高职衔接系列教材
320    @a有书目(第227页)
330    @a本书按照学习认知规律,共分为三大篇章,即入门篇、基础篇、进阶篇。入门篇包括项目1~2,读者学习后能搭建PHP开发运行环境,部署主流的开源PHP项目,能编写简单的PHP小程序:基础篇包括项目3~5,是简单的项目实战,是使用“MySQLi扩展”技术开发留言板;进阶篇包括项目6~7,是复杂的项目实战,是使用“PDO扩展”技术来完成电子商城的项目开发。
606 0  @aPHP语言@x程序设计@x中等专业学校@j教材
606 0  @a关系数据库@x数据库管理系统,MySQL@x中等专业学校@j教材
610 0  @aMySQL
690    @aTP312PH@v5
690    @aTP311.132.3-43@v5
690    @aTP311.138SQ-43@v5
701  0 @a黎明明@9li ming ming@4主编
701  0 @a苗志锋@9miao zhi feng@4主编
801  0 @aCN@b91MARC@c20171021
905    @b1021678-82@dTP312PH@f5@e1106
    
    PHP+MySQL网站开发项目式教程/黎明明,苗志锋主编.-北京:中国水利水电出版社,2016.6
    227页:图;26cm
    中高职衔接系列教材
    
    ISBN 978-7-5170-3963-1:CNY32.00
    本书按照学习认知规律,共分为三大篇章,即入门篇、基础篇、进阶篇。入门篇包括项目1~2,读者学习后能搭建PHP开发运行环境,部署主流的开源PHP项目,能编写简单的PHP小程序:基础篇包括项目3~5,是简单的项目实战,是使用“MySQLi扩展”技术开发留言板;进阶篇包括项目6~7,是复杂的项目实战,是使用“PDO扩展”技术来完成电子商城的项目开发。
●
相关链接 在E读中查询图书 在五车中查询图书 在当当中查询图书 在豆瓣中查询图书


正题名:PHP+MySQL网站开发项目式教程     索取号:TP312PH/1106         预约/预借

序号 登录号 条形码 馆藏地/架位号 状态 备注
1 1021678   210216782   第二样本阅览室/ [索取号:TP312PH/1106] 在馆    
2 1021679   210216791   密集书库—计算机科学学院/ [索取号:TP312PH/1106] 在馆    
3 1021680   210216808   第三借阅区/ [索取号:TP312PH/1106] 在馆    
4 1021681   210216817   第三借阅区/ [索取号:TP312PH/1106] 在馆    
5 1021682   210216826   第三借阅区/ [索取号:TP312PH/1106] 在馆    
唐山师范学院图书馆 欢迎您!
大连网信软件有限公司© 版权所有